[4択] 県庁所在地を地図から当てる -西日本- - Statistics

General Stats
  • This quiz has been taken 92 times
  • The average score is 21 of 24
Answer Stats
Hint Extra Hint Answer % Correct
説明 岡山県庁
94%
説明 兵庫県庁
93%
説明 鹿児島県庁 ⚫︎
93%
説明 三重県庁
92%
説明 高知県庁
92%
説明 和歌山県庁 ⚫︎
91%
説明 山口県庁
91%
説明 徳島県庁
91%
説明 香川県庁
91%
説明 滋賀県庁
90%
説明 愛媛県庁 ⚫︎
90%
説明 広島県庁 ⚫︎
88%
説明 大分県庁
88%
説明 京都府庁 ⚫︎
86%
説明 奈良県庁
86%
説明 長崎県庁 ⚫︎
85%
説明 宮崎県庁
84%
説明 福岡県庁
81%
説明 熊本県庁
81%
説明 島根県庁
80%
説明 沖縄県庁
79%
説明 鳥取県庁
78%
説明 大阪府庁
73%
説明 佐賀県庁
55%
No matching quizzes found
Score Distribution
Percent of People with Each Score
Percentile by Number Answered
Your Score History
You have not taken this quiz